Hoja oficial de la provincia de Barcelona [motius per a la seva publicació]
Descripción Física:
7 p. : il. ; 27 cm
Materias:
Diaris -- Catalunya
MARC
| LEADER | 00000nam a2200000Ia 4500 | ||
|---|---|---|---|
| 001 | 19650 | ||
| 008 | 160829s192?] xx 000 0 cat d | ||
| 080 | |a RF-7-15 | ||
| 245 | |a Hoja oficial de la provincia de Barcelona [motius per a la seva publicació] | ||
| 260 | |a Barcelona: |b [Casa Provincial de Caridad, |c 192?] | ||
| 300 | |a 7 p. : |b il. ; |c 27 cm | ||
| 590 | |a Prové de J-1453 | ||
| 650 | |a Diaris |x Catalunya |9 47596 | ||
| 710 | |a Casa de Caritat (Barcelona, Catalunya) |9 52406 | ||
| 856 | 4 | |u https://media.diba.cat/diba/fitxers/arxiu/fulletons/bib_19650_1920_baixa.pdf |y Accés lliure | |
| 856 | 4 | |u https://media.diba.cat/diba/fitxers/arxiu/fulletons/bib_19650_1920_baixa.pdf |y Accés lliure | |
| 901 | |a Arxiu | ||
| 942 | |n 1 |2 udc | ||
| 952 | |0 0 |1 0 |4 0 |6 RF715 |7 1 |9 50045 |a Arxiu |b Arxiu |d 2016-12-01 |l 0 |o RF-7-15 |p 19650 |r 2016-12-01 00:00:00 |w 2016-12-01 |y ARXIU | ||
| 999 | |c 53887 |d 53887 | ||
| 900 | |a bib_19650_1920_baixa.pdf | ||